000
00286nam a22001217a 4500
041
_a
ENG
100
_a
53.100
245
_a
Earth-Moving Machinery -Engine Test Code - Net Power
260
_a
New delhi
_b
BIS
_c
2006
300
_a
26
650
_a
BIS-Test Code
856
_u
BIS-Test Code
999
_c
1982
_d
1982